| 000 | 01269nam2a2200253 4500 | ||
|---|---|---|---|
| 001 | rc\2899643 | ||
| 005 | 20260315053621.0 | ||
| 035 | _a(NLR Aleph) 007051036 | ||
| 090 |
_a13590734 _c13590734 |
||
| 100 | _a20110729d1929 u y0rusy50 ca | ||
| 101 | 1 |
_arus _cswe |
|
| 102 | _aRU | ||
| 105 | _aa z ||||| | ||
| 200 | 1 |
_aРежущие инструменты для обработки металлов и приспособления для укрепления изделий на станках _e283 черт. в тексте _fПерев. с шведск. инж.-мех. Н.С. Ачеркана _gПод ред. проф. И.М. Холмогорова |
|
| 210 | _d1929 | ||
| 215 |
_a189 с., [3] с. объявл. _cил., черт. |
||
| 461 | 0 |
_1001rc\2899642 _12001#$aИнструментальное дело$fУ. Халльстрем$vЧасть 1 _1700#1$aХалльстрем$bУ. _96191043 _aХалльстрем, У. _cЛенинград _d1929 _e2-е изд. _fУ. Халльстрем _nКнига _tИнструментальное дело _vЧасть 1 |
|
| 702 | 1 |
_aАчеркан _bН.С. _4730 |
|
| 702 | 1 |
_aХолмогоров _bИ.М. _4340 |
|
| 801 | 0 |
_aRU _bNLR _gpsbo |
|
| 801 | 1 |
_aRU _bELAR _2rusmarc |
|
| 852 |
_aNLR _j73/289 |
||
| 942 | _cUNSPEC | ||
| 980 | _aNB | ||